000 02147cam8a220033701 4500
001 lce01101911
008 720413s1970 enkabcf b 011 0 eng
010 _a 79075829 //r863
015 _aB70-11098
020 _a0521075653
020 _cL.8
035 _a(Sirsi) r53514
035 _a(DLC) 79075829 //r863
035 _a(UPRA)lce01101911
043 _ae-uk---
050 0 _aQE931
_b.S694
082 _a561/.19/47
245 0 0 _aStudies in the vegetational history of the British Isles: essays in honour of Harry Godwin;
_cedited by D. Walker & R. G. West.
260 _aLondon,
_bCambridge U.P.,
_c1970.
504 _aIncludes bibliographies.
505 0 _aPleistocene history of the British Flora, by R. G. West.--The history of the Ericaceae in Ireland during the Quaternary Epoch, by G. F. Mitchell and W. A. Watts.--Land/sea level changes in Scotland, by J. J. Donner.--Vegetation history in the north-west of England: a regional synthesis, b30888y W. Pennington.--The influence of Mesolithic and Neolithic man on British vegetation: a discussion, by A. G. Smith.--Post-Neolithic disturbance of British vegetation, by J. Turner.--Direction and rate in some British Post-glacial hydroseres, by D. Walker.--The ecological history of Blelham Bog National Nature Reserve, by F. Oldfield.--Maximum summer temperature in relation to the modern and Quaternary distributions of certain arctic-montane species in the British Isles, by A. P. Conolly and E. Dahl.--The Cambridge pollen reference collection, by R. Andrew.--The study of plant macrofossils in British Quaternary deposits, by C. A. Dic
650 s o _aPaleobotany -- British I
_zPaleobotany -- British I
_6S8373.1
650 l e _aPlant ecology -- British I
_zPlant ecology -- British I
_6S8374.1
650 l e _aPaleobotany -- Quater
_yPaleobotany -- Quater
_6S8375.1
650 a r _aMan -- Influence on na
_xMan -- Influence on na
_6S8376.1
700 _aure.1 a35.1..1.14 c35.1..16.4
_d
_6A12243.1
700 _a901-1 a35.2..1.10 q35.2..12.9
_d
_6A12244.1
700 9 2 _aWest,
_6A12245.1
949 _aQE931
_wlcc
_i33729000291893
_mMAIN
_p2500
_tBOOK
_lON-SHELF
004 53514
999 _c138773
_d138773